000 01031nas a2200301 4500
001 BR8400069
003 BR-BrBNA
005 20231205085739.0
007 ta
008 230509b bl.|||p| |||| 00| 00por d
040 _aBR-BrBNA
_bpor
_cBiblioteca Nacional de Agricultura
041 _a(Pt)
072 _aF25
100 1 _aMazur, N.
100 1 _aSantos, G. de A.
100 1 _aVelloso, A.C.X.
245 1 _aEfeito do composto de residuo urbano na disponibilidade de fosforo em solo acido [milho, Zea mays, latossolo amarelo]
_bParte de tese
246 1 _aEffect of compost urban waste on P-availability in acid soil [maize, zea mays, yellow latosol]
_b[Part of thesis]
650 _aMILHO
650 _aFOSFORO
650 _aRESIDUO
650 _aDISPONIBILIDADE
650 _aSOLO ACIDO
650 _aLATOSSOLO AMARELO
773 0 _tRevista Brasileira de Ciencia do Solo (Brazil)
_xISSN 0100-0683
_g(May 1983), v. 7(2) p. 153-156
_wBR8400069
909 _a202311
_bLúcia
_c55
_dLúcia Elande
942 _2AGRIS
_n0
_cANA
999 _c113531
_d113531